|
|
|
|
| LEADER |
00000nam0a2200000 4500 |
| 001 |
269400 |
| 005 |
20231101234242.0 |
| 035 |
|
|
|a (RuTPU)RU\TPU\book\292575
|
| 090 |
|
|
|a 269400
|
| 100 |
|
|
|a 20140918d1986 km y0rusy50 ca
|
| 101 |
0 |
|
|a rus
|
| 102 |
|
|
|a RU
|
| 105 |
|
|
|a a z 001zy
|
| 200 |
1 |
|
|a Газ выращивает металлы
|f В. Г. Сыркин, В. Н. Бабин
|g Академия наук СССР (АН СССР) ; под ред. Г. А. Разуваева
|
| 210 |
|
|
|a Москва
|c Наука
|d 1986
|
| 215 |
|
|
|a 190 с.
|c ил.
|
| 225 |
1 |
|
|a Наука и технический прогресс
|
| 320 |
|
|
|a Библиогр.: с. 188
|
| 606 |
1 |
|
|a Металлические порошки
|x Получение
|2 stltpush
|3 (RuTPU)RU\TPU\subj\72734
|9 86138
|
| 610 |
1 |
|
|a металлические частицы
|
| 610 |
1 |
|
|a химия
|
| 610 |
1 |
|
|a газофазная металлизация
|
| 610 |
1 |
|
|a металлы
|
| 610 |
1 |
|
|a элементоорганическая химия
|
| 610 |
1 |
|
|a металлоорганическая химия
|
| 610 |
1 |
|
|a карбонилы металлов
|
| 610 |
1 |
|
|a газовые среды
|
| 610 |
1 |
|
|a карбонильные соединения
|
| 610 |
1 |
|
|a термическая диссоциация
|
| 610 |
1 |
|
|a электронно-лучевая металлизация
|
| 610 |
1 |
|
|a выращивание
|
| 610 |
1 |
|
|a металлические покрытия
|
| 610 |
1 |
|
|a химические реакции
|
| 610 |
1 |
|
|a микросхемы
|
| 610 |
1 |
|
|a алмазы
|
| 610 |
1 |
|
|a железные руды
|
| 610 |
1 |
|
|a монооксид углерода
|
| 610 |
1 |
|
|a живые системы
|
| 610 |
1 |
|
|a гемоглобин
|
| 610 |
1 |
|
|a эритроциты
|
| 610 |
1 |
|
|a библиотека А. Г. Стромберга
|
| 675 |
|
|
|a 621.762.2
|v 3
|
| 700 |
|
1 |
|a Сыркин
|b В. Г.
|g Виталий Григорьевич
|
| 701 |
|
1 |
|a Бабин
|b В. Н.
|g Валерий Николаевич
|
| 702 |
|
1 |
|a Разуваев
|b Г. А.
|4 340
|
| 712 |
0 |
2 |
|a Академия наук СССР (АН СССР)
|c (1925-1991)
|2 stltpush
|3 (RuTPU)RU\TPU\col\722
|
| 801 |
|
1 |
|a RU
|b 63413507
|c 20140918
|
| 801 |
|
2 |
|a RU
|b 63413507
|c 20171123
|g RCR
|
| 942 |
|
|
|c BK
|